Responses for Show #8079 - Thursday, October 24, 2019

Contestants

[<< previous game]

Mushtaq Gunja, a lawyer from Silver Spring, Maryland

Jamie Tyrrell, a test prep instructor from Rochester, New York

Allyson Samiljan, a communications and special events director from Wellington, Florida (whose 1-day cash winnings total $9,500)

[next game >>]

Jeopardy! Round responses

WHAT'S YOUR ADDRESS?
VEHICULAR ACTIVITY
20th CENTURY NAMES
CELEBRITY-INSPIRED PRODUCTS
DANCE AT THE WEDDING
HAVE AN AGUILA!
    $200 12
the New York Stock Exchange

Allyson
    $200 15
jet-setting

Jamie
    $200 2
(Franz) Ferdinand

Mushtaq
    $200 1
Ariana Grande

Mushtaq
    $200 8
Greece

Mushtaq
    $200 26
an eagle

Allyson
    $400 6
(Mushtaq: What is the Arc de Triomphe?)

the Eiffel Tower

Mushtaq
Triple Stumper
    $400 5
carjacking

Mushtaq
    $400 3
Emily Post

Jamie
    $400 4
(Jamie: What is 7UP?)

Sprite

JamieMushtaq
    $400 7
the hora

Jamie
    $400 27
a wrestler

Triple Stumper
    $600 9
Eisenhower

Allyson
    $2,000 14
not rock the boat (Don't rock the boat)

Mushtaq
    $600 21
Easter

Jamie
    $600 18
(Blake) Shelton

Mushtaq
    $600 13
"I Wanna Dance With Somebody"

Mushtaq
    $600 28
submarines

Mushtaq
    $800 10
the Brandenburg Gate

Mushtaq
    $800 23
helicopter parenting

Mushtaq
    $800 22
(Wernher) von Braun

Allyson
    $800 19
50 Cent

Mushtaq
    $800 16
the bouquet

Jamie
    $800 29
(Mushtaq: What is Brazil?)

Colombia

AllysonMushtaq
    $1000 11
(Alex: Yes, a beautiful place.)

the Biltmore house

Allyson
    $1000 24
snowplow

Jamie
    $1000 25
(Alex: Less than a minute to deal with the last category.)

(Warren) Christopher

Mushtaq
    $1000 20
Skittles

Jamie
    $1000 17
Pieter Bruegel

Triple Stumper
    $1000 30
Maricopa

Allyson

Scores at the first commercial break (after clue 15):

Allyson Jamie Mushtaq
$1,800 $600 $4,400

Scores at the end of the Jeopardy! Round:

Allyson Jamie Mushtaq
$4,600 $4,000 $7,400

Double Jeopardy! Round responses

SHAKE HANDS WITH SHAKESPEARE
YOUNGER THAN THE SIMPSONS
BEHIND THE MUSICAL TITLE
WHERE DO YOU STAN?
GODS INSIDE YOU
SAVE "IT" FOR LATER
(Alex: The letters "I-T" will end each correct response.)
    $400 3
Julius Caesar

Mushtaq
    $400 26
the Hubble

Jamie
    $400 6
Kinky Boots

Allyson
    $400 23
Russian

Mushtaq
    $400 22
the iris

Jamie
    $400 15
a pulpit

Mushtaq
    $800 4
Horatio

Jamie
    $800 30
YouTube

Mushtaq
    $800 7
Miss Saigon

Jamie
    $6,000 16
the Caspian Sea

Mushtaq
    $800 18
iron

Jamie
    $800 14
a biscuit

Jamie
    $1200 5
Pericles

Jamie
    $1200 29
(Jamie: What is the NFL?)

baseball (Major League Baseball)

JamieMushtaq
    $1200 8
[NOTE: The name of the musical is The Lightning Thief: The Percy Jackson Musical.]

Percy Jackson and the Lightning Thief

Jamie
    $1200 17
Afghanistan

Jamie
    $1200 19
Cupid

Allyson
    $1200 11
an affidavit

Mushtaq
    $100 2
(Alex: [After Mushtaq makes his wager] Feel comfortable with Shakespeare, don't you?)
(Mushtaq: Not so much.)
...
(Mushtaq: What is Henry VIII?)

Henry V

Mushtaq
    $1600 28
Zumba

Triple Stumper
    $1600 9
The Music Man

Jamie
    $1600 24
jackals

Triple Stumper
    $1600 20
cervical

Jamie
    $1600 12
Jesuit

Jamie
    $2000 1
Troilus and Cressida

Mushtaq
    $2000 27
The Bridges of Madison County

Allyson
    $2000 10
Come From Away

Jamie
    $2000 25
(Alex: Less than a minute now.)

Karachi

Mushtaq
    $2000 21
the palm (of your hand)

Allyson
    $2000 13
candlelit

Allyson

Scores at the end of the Double Jeopardy! Round:

Allyson Jamie Mushtaq
$12,200 $17,200 $21,700

[wagering suggestions for these scores]

Final Jeopardy! Round responses

THE HISTORY OF FRANCE
(Alex: [To Mushtaq] That's why I said "fatherland"--tied to Germany.)
AllysonWhat is the ???
$4,800
JamieWhat is the patriarchy?
$7,201
MushtaqWhat is the third regime
$12,714
Vichy France

Final scores:

Allyson Jamie Mushtaq
$7,400 $9,999 $8,986
3rd place: $1,000 New champion: $9,999 2nd place: $2,000

Game dynamics:

Coryat scores:

Allyson Jamie Mushtaq
$12,200 $17,200 $15,200
12 R,
0 W
20 R,
2 W
22 R
(including 2 DDs),
3 W
(including 1 DD)

Combined Coryat: $44,600

[game clues] [game scores] [suggest correction]

Game tape date: 2019-08-26
The J! Archive is created by fans, for fans. Scraping, republication, monetization, and malicious use prohibited; this site may use cookies and collect identifying information. See terms. The Jeopardy! game show and all elements thereof, including but not limited to copyright and trademark thereto, are the property of Jeopardy Productions, Inc. and are protected under law. This website is not affiliated with, sponsored by, or operated by Jeopardy Productions, Inc. Join the discussion at JBoard.tv.